Smooth Lyrics Quiz - Statistics

General Stats
  • This quiz has been taken 57 times
  • The average score is 29 of 35
Answer Stats
Lyrics % Correct
Because you're so {smooth}
98%
Because you're so {smooth}
98%
And if you said this {life} ain't good enough
96%
And if you said this {life} ain't good enough
96%
Man, it's a {hot} one
96%
Like {seven} inches from the midday sun
94%
But I'll tell you one {thing}
92%
Give me your heart, {make it real}, or else forget about it
92%
My muñequita, my Spanish Harlem {Mona Lisa}
92%
Oh, it's the same as the {emotion} that I get from you
92%
Oh, it's the same as the {emotion} that I get from you
92%
And it's just like the {ocean} under the moon
90%
And it's just like the {ocean} under the moon
90%
Give me your heart, {make it real}, or else forget about it
90%
I could change my life to better suit your {mood}
90%
I could change my life to better suit your {mood}
90%
You got the kind of {lovin'} that can be so smooth, yeah
90%
You got the kind of {lovin'} that can be so smooth, yeah
90%
Let's don't {forget} about it (hey)
86%
Oh, let's don't {forget} about it
86%
Or else {forget} about it
86%
Or else {forget} about it
86%
But you stay so {cool}
82%
Give me your {heart}, make it real
82%
If you would leave it'd be a {crying shame}
75%
I would give my world to {lift you up}
75%
I would give my world to {lift you up}
75%
You're my reason for {reason}
73%
I hear your {name} calling me out
69%
It's turning you {round} and {round}
67%
The step in my {groove}
67%
You feel the turning of the world, so {soft} and slow
61%
Well, I hear you {whisper} and the words melt everyone
57%
You hear my {rhythm} on your radio
51%
In every {breath} and every word
45%
No matching quizzes found
Score Distribution
Percent of People with Each Score
Percentile by Number Answered
Your Score History
You have not taken this quiz